000 00553nam a2200169Ia 4500
008 240729s9999 xx 000 0 und d
022 _a2299-8993
245 0 _aJournal of Ecological Engineering
260 _aPoland
260 _bPolish Society of Ecological Engineering (PTIE)
650 _a Environmental sciences
650 _a Environmental technology. Sanitary engineering | Geography. Anthropology. Recreation
650 _aTechnology
856 _uhttps://doaj.org/toc/473c75247ef345bb8c11b377031e0169
942 _2ddc
942 _cDOAJEJ
999 _c69538
_d69538
945 _a1
_bMadushi Gamage
_c1
_dMadushi Gamage